Comment évolue la population des départements ? 1 - Statistiques

Statistiques générales
  • Ce quiz a été pris 8 fois
  • Le résultat moyen est 7 sur 50
Statistiques - réponses
Hint Explanation Réponse % Correct
Somme 511 500 / 569 000 Augmenté de 10.1 à 25 %
57%
Hautes-Pyrénées 226 000 / 230 000 Augmenté de 0.1 à 10 %
43%
Isère 768 000 / 1 277 500 Augmenté de 50.1 à 75%
43%
Seine-et-Marne 604 500 / 1 429 000 Augmenté de + de 100%
43%
Lozère 77 500 / 76 500 Diminué de 0.1 à 10 %
43%
Gers 181 500 / 192 000 Augmenté de 0.1 à 10 %
29%
Haute-Saône 214 500 / 234 500 Augmenté de 0.1 à 10 %
29%
Côtes-d'Armor 506 000 / 603 500 Augmenté de 10.1 à 25 %
29%
Lot 151 000 / 175 000 Augmenté de 10.1 à 25 %
29%
Hauts-de-Seine 1 461 500 / 1 626 000 Augmenté de 10.1 à 25 %
29%
Eure 383 500 / 600 000 Augmenté de 50.1 à 75%
29%
Saône-et-Loire 550 500 / 551 000 Augmenté de 0.1 à 10 %
14%
Nord 2 419 000 / 2 608 000 Augmenté de 0.1 à 10 %
14%
Corrèze 238 000 / 239 000 Augmenté de 0.1 à 10 %
14%
Marne 485 500 / 566 500 Augmenté de 10.1 à 25 %
14%
Sarthe 462 000 / 567 000 Augmenté de 25.1 à 50 %
14%
Seine-Saint-Denis 1 249 600 / 1 655 500 Augmenté de 25.1 à 50 %
14%
Bouches-du-Rhône 1 470 000 / 2 048 000 Augmenté de 25.1 à 50 %
14%
Val-de-Marne 1 121 500 / 1 408 000 Augmenté de 25.1 à 50 %
14%
Vienne 340 500 / 439 500 Augmenté de 25.1 à 50 %
14%
Eure-et-Loir 302 000 / 441 500 Augmenté de 25.1 à 50 %
14%
Loire-Atlantique 862 000 / 1 445 000 Augmenté de 50.1 à 75%
14%
Drôme 343 000 / 518 000 Augmenté de 50.1 à 75%
14%
Haute-Corse 116 000 / 183 000 Augmenté de 50.1 à 75%
14%
Gironde 1 009 500 / 1 636 500 Augmenté de 50.1 à 75%
14%
Vaucluse 354 000 / 562 000 Augmenté de 50.1 à 75%
14%
Hautes-Alpes 92 000 / 140 500 Augmenté de 50.1 à 75%
14%
Savoie 289 000 / 440 000 Augmenté de 50.1 à 75%
14%
Pyrénées-Orientales 282 000 / 483 000 Augmenté de 50.1 à 75%
14%
Essonne 673 500 / 1 306 000 Augmenté de 75.1 à 100%
14%
Mayotte 32500 / 256 500 Augmenté de + de 100%
14%
Haute-Garonne 691 000 / 1 416 000 Augmenté de + de 100%
14%
Creuse 157 000 / 116 000 Diminué de + de 25 %
14%
Pas-de-Calais 1 397 000 / 1 462 000 Augmenté de 0.1 à 10 %
0%
Haute-Loire 208 500 / 227 500 Augmenté de 0.1 à 10 %
0%
Aisne 526 000 / 529 500 Augmenté de 0.1 à 10 %
0%
Manche 453 000 / 495 000 Augmenté de 0.1 à 10 %
0%
Belfort 118 500 / 140 000 Augmenté de 10.1 à 25 %
0%
Haute-Marne 214 500 / 172 000 Augmenté de 10.1 à 25 %
0%
Ariège 138 500 / 154 000 Augmenté de 10.1 à 25 %
0%
Côte-d'or 421 000 / 535 000 Augmenté de 25.1 à 50 %
0%
Doubs 426 500 / 545 000 Augmenté de 25.1 à 50 %
0%
Alpes-de-Haute-Provence 105 000 / 165 500 Augmenté de 50.1 à 75%
0%
Yvelines 854 500 / 1 450 000 Augmenté de 50.1 à 75%
0%
Corse-du-Sud 89 500 / 161 000 Augmenté de 75.1 à 100%
0%
Meuse 209 500 / 183 000 Diminué de 10.1 à 25 %
0%
Nièvre 248 000 / 203 000 Diminué de 10.1 à 25 %
0%
Indre 247 000 / 219 000 Diminué de 10.1 à 25 %
0%
Cantal 169 000 / 144 000 Diminué de 10.1 à 25 %
0%
Paris 2 591 000 / 2 146 000 Diminué de 10.1 à 25 %
0%
Aucun quiz correspondant
Distribution des résultats
% des personnes avec chaque résultat
Percentile par nombre de réponses
Votre historique - résultats
Vous n’avez pas pris ce quiz